00967nam a22002417a 450000500170000000800410001702000180005804000270007604100080010304400070011108200170011824500510013526000290018630001100021565000230032565000490034865000340039765000390043171000500047094200150052099900170053595201730055220191217042540.0160318b2015 fr ado fr|||| 00| 0 eng d a9782358387705 aCO-BoIAVH cCO-BoIAVH 0 aeng afr04a304.25bA24c00aAdressing Climate Change :bFrench know-how /  aParís :bADEME,c2013. a31 páginas :bilustraciones a color, gráficas a color, fotografías a color ;c30 x 21 centímetros 6aCambio climático 6aCambio climáticoxreducción de emisiones 6aControl de la contaminación 6aAdaptación al cambio climático2 aFrench Environment & Energy Management Agency 2ddccLIBRO c18252d18252 00102ddc40708GENERALIINV2017aBogotabBogotad2016-03-18eInstitutog39000.00l0oLB-304.25 A24cp039893r2016-03-18 00:00:00tEj. 1w2016-03-18xDonaciónyLIBRO